000 02776nam a22003257a 4500
999 _c58445
_d58445
003 Ge_BSU
005 20220211132726.0
008 220211s2020ge xxu||||| |||| 00| 0 geo d
020 _a9789941488238
041 _ageo
080 _a94(=353.1)(560) წ-40
245 _aწერილები სტამბოლის ქართული სავანიდან :
_bწ. 2 /
_cავტორები: შუშანა ფუტკარაძე, როინ მალაყმაძე, თამილა ლომთათიძე [და სხვ.] რედ. როინ მალაყმაძე.
264 _aბათუმი :
_bბათუმის შოთა რუსთაველის სახელმწიფო უნივერსიტეტი,
_c2020.
300 _a704 გვ.:
_bფოტ.ილ. გვ: 685-702.
_c29 სმ.
501 _aწინათქმა გვ:12-21.
504 _aბიბლიოგრ.გვ: 5-11.
505 _rწიგნი ეძღვნება სტამბოლის ქართული სავანის ამაგდარი პიროვნებების მამა-შვილ პავლე და სიმონ ზაზაძეების ხსოვნას
653 _aისტორიული მესხეთის დაუვიწყარი ქრონიკები სტამბოლის ქართული სავანის საგანძურიდან
653 _aკონსტანტინე ოდიშარია მასალები სტამბოლის ქართული სავანიდან
653 _aაჭარის სამაჰმადიანო საქართველოს წარსულის გახსენება სტამბოლის ქართული სავანის საგანძურიდან
653 _aმასალები სტამბოლის ქართული სავანის საგანძურიდან
653 _aწერილები სხვადასხვა თემაზე
653 _aისტორია
700 _aფუტკარაძე, შუშანა
_91978
700 _aმალაყმაძე, როინ
_913527
700 _aლომთათიძე, თამილა
_910264
700 _aმალაყმაძე, როინ
_eრედაქტორი
_913528
711 _aბათუმის შოთა რუსთაველის სახელმწ. უნ-ტის ნიკო ბერძენიშვილის ინ-ტი.
_913529
942 _2udc
_cBK